World Capitals - Three Minute Sprint - Statistics

General Stats
  • This quiz has been taken 5,288 times
  • The average score is 71 of 196
Answer Stats
Answer % Correct
Brasilia
82%
Paris
80%
Buenos Aires
76%
Lima
76%
Berlin
75%
Rome
74%
Ottawa
71%
London
70%
Washington
70%
Santiago
69%
Athens
68%
Vienna
68%
Bogotá
67%
Caracas
66%
La Paz or Sucre
66%
Beijing
65%
Dublin
65%
Helsinki
65%
Moscow
65%
Brussels
64%
Oslo
64%
Quito
64%
Tokyo
62%
Budapest
61%
Canberra
60%
Copenhagen
60%
Madrid
60%
Mexico City
60%
Lisbon
59%
Minsk
59%
Montevideo
58%
Prague
58%
Sofia
58%
Bern
55%
Havana
55%
Riga
55%
Amsterdam
54%
Cairo
54%
Tirana
54%
Zagreb
54%
New Delhi
53%
Stockholm
53%
Asunción
52%
Bucharest
52%
Georgetown
51%
Kyiv
51%
Tallinn
51%
Warsaw
49%
Sarajevo
48%
Wellington
48%
Kabul
47%
Paramaribo
47%
Reykjavik
47%
Monaco
46%
Seoul
46%
Tehran
46%
Andorra la Vella
45%
Jakarta
45%
Panama City
44%
Vatican City
44%
Vilnius
44%
Baghdad
43%
Baku
43%
Kingston
43%
Ankara
42%
Vaduz
42%
Algiers
41%
Luxembourg
41%
Nassau
41%
Valletta
41%
Dhaka
40%
Jerusalem
40%
San Marino
40%
Belgrade
39%
San Jose
39%
Guatemala City
38%
Pretoria, Cape Town or Bloemfontein
38%
Yerevan
37%
Doha
36%
Port-au-Prince
36%
Pristina
36%
San Salvador
35%
Bangkok
34%
Manila
34%
Singapore
34%
Tunis
34%
Belmopan
33%
Dili
33%
Nicosia
33%
Rabat
33%
Skopje
33%
Tbilisi
33%
Amman
32%
St John's
32%
Suva
32%
Bratislava
31%
Hanoi
31%
Santo Domingo
31%
Beirut
30%
Bridgetown
30%
Chișinău
30%
Managua
30%
Pyongyang
30%
Riyadh
30%
Astana
29%
Islamabad
29%
Manama
29%
Dakar
28%
Tripoli
28%
Apia
27%
Kuala Lumpur
27%
Kuwait City
27%
Lomé
27%
Luanda
27%
Roseau
27%
Taipei
27%
Damascus
26%
Juba
26%
Malé
26%
Podgorica
26%
Port-of-Spain
26%
Abu Dhabi
25%
Abuja
25%
Accra
25%
Addis Ababa
25%
Djibouti
25%
Kingstown
25%
Ljubljana
25%
Muscat
25%
Nairobi
25%
Sana'a
25%
St George's
25%
Thimphu
25%
Ulaanbaatar
25%
Bangui
24%
Castries
24%
Kinshasa
24%
Praia
24%
Yaren
24%
Asmara
23%
Bandar Seri Begawan
23%
Kathmandu
23%
Phnom Penh
23%
Tegucigalpa
23%
Port Moresby
22%
Vientiane
22%
Banjul
21%
Freetown
21%
Maputo
21%
Tashkent
21%
Bamako
20%
Basseterre
20%
Bishkek
20%
Dodoma
20%
Lusaka
20%
Yaoundé
20%
Brazzaville
19%
Colombo
19%
Funafuti
19%
Honiara
19%
Khartoum
19%
Niamey
19%
Palikir
19%
Porto-Novo or Cotonou
19%
Port Vila
19%
Bissau
18%
Dushanbe
18%
Gaborone
18%
Kigali
18%
Majuro
18%
Malabo
18%
Moroni
18%
Ouagadougou
18%
Port Louis
18%
Victoria
18%
Windhoek
18%
Harare
17%
Libreville
17%
Maseru
17%
N'Djamena
17%
São Tomé
17%
Ashgabat
16%
Conakry
16%
Gitega
16%
Kampala
16%
Mogadishu
16%
Ngerulmud
16%
South Tarawa
16%
Antananarivo
15%
Lilongwe
15%
Naypyidaw
15%
Nuku'alofa
15%
Mbabane
14%
Monrovia
14%
Yamoussoukro
14%
Nouakchott
11%
No matching quizzes found
Score Distribution
Percent of People with Each Score
Percentile by Number Answered
Your Score History
You have not taken this quiz